[Event "Xtracon Chess Open 2017"]
[Site "Helsingor DEN"]
[Date "2017.07.28"]
[Round "8.204"]
[White "Tjora, Alexander"]
[Black "Hestholm, Freddy"]
[Result "1-0"]
[WhiteElo "1434"]
[BlackElo "1249"]
[WhiteFideId "1528203"]
[BlackFideId "1529951"]
[EventDate "2017.07.22"]

1. d4 Nf6 2. c4 c5 3. d5 b5 4. cxb5 a6 5. bxa6 g6 6. Nc3 Bxa6 7. e4 d6 8. Qa4+
Qd7 9. Bb5 Bxb5 10. Qxa8 Ba6 11. Qxb8+ Bc8 12. f3 Bg7 13. Qb5 O-O 14. Qxd7 Nxd7
15. Be3 Ne5 16. O-O-O Nc4 17. Bf2 Ba6 18. Nh3 Rb8 19. b3 Bxc3 20. bxc4 Bxc4 21.
Kc2 Bb4 22. Be1 Bxa2 23. Bxb4 Rxb4 24. Kc3 Rb3+ 25. Kc2 c4 26. Ra1 Ra3 27. Kb2
Rb3+ 28. Kxa2 Re3 29. Rhe1 Rd3 30. Rad1 1-0

[Event "Xtracon Chess Open 2017"]
[Site "Helsingor DEN"]
[Date "2017.07.28"]
[Round "8.205"]
[White "Hestholm, Gustav"]
[Black "Jensen, Johannes Frank"]
[Result "1-0"]
[WhiteElo "1379"]
[BlackElo "1170"]
[WhiteFideId "1529153"]
[BlackFideId "1457942"]
[EventDate "2017.07.22"]

1. e4 d5 2. exd5 Qxd5 3. Nc3 Qa5 4. d4 Nf6 5. Bc4 Bf5 6. Bd2 c6 7. Nd5 Qd8 8.
Nxf6+ exf6 9. Nf3 Bg4 10. c3 b5 11. Bb3 Bd6 12. O-O O-O 13. h3 Bxf3 14. Qxf3 Nd7
15. Qxc6 Bc7 16. Qxb5 Rc8 17. Qh5 Qe7 18. Bc2 h6 19. Bxh6 g6 20. Bxf8 Kxf8 21.
Qh8# 1-0

[Event "Xtracon Chess Open 2017"]
[Site "Helsingor DEN"]
[Date "2017.07.28"]
[Round "8.206"]
[White "Gelders, Hanne"]
[Black "Nielsen, Bjorn"]
[Result "1-0"]
[WhiteElo "1206"]
[BlackElo "1353"]
[WhiteFideId "249033"]
[BlackFideId "1416839"]
[EventDate "2017.07.22"]

1. d4 d5 2. e3 e6 3. Bd3 Nf6 4. Nf3 Bd6 5. Nbd2 O-O 6. b3 b6 7. e4 Nxe4 8. Nxe4
Nd7 9. Nxd6 cxd6 10. Bb2 h6 11. O-O Re8 12. Re1 a5 13. a3 Bb7 14. c4 dxc4 15.
bxc4 d5 16. Rc1 Rc8 17. Ne5 f6 18. Nxd7 Qxd7 19. Qg4 Re7 20. Qg6 Kf8 21. Qh7 Rf7
22. Bg6 Ke7 23. Bxf7 Kxf7 24. Qd3 Rd8 25. Qg3 dxc4 26. Rxc4 Kf8 27. Rc7 Bd5 28.
Rxd7 Rxd7 29. Qb8+ Ke7 30. Qxb6 f5 31. Qxa5 g5 32. Qc5+ Kf6 33. Qf8+ Kg6 34. a4
g4 35. a5 Rf7 36. Qd6 Rh7 37. Re5 Kf7 38. a6 Rh8 39. Qd7+ Kf6 40. Ba3 Ra8 41.
Be7+ Kg6 42. Rxe6+ Bxe6 43. Qxe6+ Kg7 44. Qf6+ Kh7 45. Qxf5+ Kg8 46. Qg6+ Kh8
47. Bf6# 1-0

[Event "Xtracon Chess Open 2017"]
[Site "Helsingor DEN"]
[Date "2017.07.28"]
[Round "8.207"]
[White "Huse, Arne Kjelsbol"]
[Black "Joa, Vegard"]
[Result "1-0"]
[WhiteElo "1352"]
[BlackElo "1105"]
[WhiteFideId "1520709"]
[BlackFideId "1523490"]
[EventDate "2017.07.22"]

1. e4 e6 2. d4 d6 3. Nf3 Nc6 4. Nc3 g6 5. Bb5 Bd7 6. O-O Bg7 7. Be3 Nge7 8. Re1
O-O 9. Qd2 Kh8 10. Bh6 Ng8 11. Bxg7+ Kxg7 12. Qf4 Qf6 13. Qg3 Rad8 14. e5 Qf5
15. Bd3 Qh5 16. Re4 f5 17. Rh4 Qxh4 18. Qxh4 h6 19. Qf4 g5 20. Qe3 d5 21. Bb5
Nb4 22. Qd2 g4 23. Ne1 c6 24. Be2 h5 25. Na4 a5 26. Nc5 Bc8 27. a3 Na6 28. Bxa6
bxa6 29. Qxa5 f4 30. Ned3 Rf7 31. Qxd8 1-0

[Event "Xtracon Chess Open 2017"]
[Site "Helsingor DEN"]
[Date "2017.07.28"]
[Round "8.208"]
[White "Jacobsen, Harald Kittel Lytomt"]
[Black "Thybo, Jan"]
[Result "0-1"]
[WhiteElo "1242"]
[BlackElo "1330"]
[WhiteFideId "1533460"]
[BlackFideId "1438824"]
[EventDate "2017.07.22"]

1. e4 e5 2. Nf3 Nc6 3. Bc4 Be7 4. Nc3 Nf6 5. d3 O-O 6. Bg5 d6 7. O-O a6 8. Nh4
Be6 9. Bxe6 fxe6 10. f4 Ne8 11. Bxe7 Nxe7 12. Qg4 Rxf4 13. Rxf4 exf4 14. Qxf4
Ng6 15. Nxg6 hxg6 16. Rf1 Nf6 17. e5 dxe5 18. Qxe5 Qe7 19. d4 Rf8 20. h3 c6 21.
Qg5 Qd6 22. Ne2 Ne4 23. Rxf8+ Qxf8 24. Qxg6 Qf2+ 25. Kh2 Qxe2 26. Qe8+ Kh7 27.
Qxe6 Qxc2 28. Qf5+ Kh6 29. Qf4+ Kg6 30. Qg4+ Kf7 31. Qf5+ Ke7 32. Qe5+ Kd8 33.
Qb8+ Kd7 0-1

[Event "Xtracon Chess Open 2017"]
[Site "Helsingor DEN"]
[Date "2017.07.28"]
[Round "8.209"]
[White "Johansen, Paul Ivar"]
[Black "Mansoor, Areeb"]
[Result "0-1"]
[WhiteElo "1301"]
[BlackElo "1059"]
[WhiteFideId "1508024"]
[BlackFideId "1535870"]
[EventDate "2017.07.22"]

1. Nf3 d5 2. d4 Nf6 3. h3 Nc6 4. Bf4 Bf5 5. e3 e6 6. a3 Bd6 7. Bxd6 Qxd6 8. Bb5
O-O 9. Bxc6 bxc6 10. O-O Be4 11. Ne5 Nd7 12. Nxd7 Qxd7 13. b4 Qe7 14. Nd2 f5 15.
f3 Qg5 16. Qe2 Bxc2 17. a4 f4 18. Rfc1 Bf5 19. Rxc6 Bxh3 20. e4 dxe4 21. Nxe4
Qg6 22. Rxc7 Rac8 23. Rac1 Rcd8 24. Rxa7 Rxd4 25. Rcc7 Rd1+ 26. Kh2 Rb1 27.
Rxg7+ Qxg7 28. Rxg7+ Kxg7 29. Kxh3 Rh1+ 30. Kg4 h5+ 31. Kg5 Rf5# 0-1

[Event "Xtracon Chess Open 2017"]
[Site "Helsingor DEN"]
[Date "2017.07.28"]
[Round "8.210"]
[White "Hinrichs, Kurt"]
[Black "Cort Maleeva Hansen, Daniel Alexander"]
[Result "1/2-1/2"]
[WhiteElo "1277"]
[BlackElo "1166"]
[WhiteFideId "12994057"]
[BlackFideId "1462644"]
[EventDate "2017.07.22"]

1. d4 d5 2. Bf4 Nc6 3. e3 Nf6 4. c4 e6 5. Nc3 a6 6. Nf3 Bb4 7. Bd3 dxc4 8. Bxc4
Ne4 9. Qc2 Nd6 10. Bd3 Bd7 11. O-O Qe7 12. Bxh7 g6 13. Bg5 Qf8 14. Bxg6 fxg6 15.
Qxg6+ Qf7 16. Qd3 Ne7 17. Ne5 Qf5 18. Bf4 Qxd3 19. Nxd3 1/2-1/2

[Event "Xtracon Chess Open 2017"]
[Site "Helsingor DEN"]
[Date "2017.07.29"]
[Round "9.1"]
[White "Vitiugov, Nikita"]
[Black "Jobava, Baadur"]
[Result "1/2-1/2"]
[WhiteTitle "GM"]
[BlackTitle "GM"]
[WhiteElo "2724"]
[BlackElo "2714"]
[WhiteFideId "4152956"]
[BlackFideId "13601520"]
[EventDate "2017.07.22"]

1. d4 Nf6 2. c4 g6 3. Nc3 Bg7 4. e4 O-O 5. Be3 c6 6. f3 d5 7. cxd5 cxd5 8. e5
Ne8 9. h4 f6 10. f4 h5 11. Bd3 Nc6 12. Bxg6 Bg4 13. Nge2 Bh6 14. Qd2 Ng7 15. Bc2
e6 16. O-O fxe5 17. fxe5 Bxe3+ 18. Qxe3 Bf5 19. Ba4 Qxh4 20. Bxc6 bxc6 21. Nf4
Rab8 22. b3 Rb7 23. Qe1 Qg5 24. Qe3 Bh3 25. Nce2 Bg4 26. Ng3 Nf5 27. Nxf5 Rxf5
28. Rf2 Rg7 29. Rc1 Rf8 30. Rcf1 h4 31. Qc1 Bf3 32. Nxe6 Qxg2+ 33. Rxg2 Rxg2+
34. Kh1 Rc2+ 35. Kg1 1/2-1/2

[Event "Xtracon Chess Open 2017"]
[Site "Helsingor DEN"]
[Date "2017.07.29"]
[Round "9.2"]
[White "Sasikiran, Krishnan"]
[Black "Sunilduth Lyna, Narayanan"]
[Result "1/2-1/2"]
[WhiteTitle "GM"]
[BlackTitle "GM"]
[WhiteElo "2688"]
[BlackElo "2564"]
[WhiteFideId "5004985"]
[BlackFideId "5058422"]
[EventDate "2017.07.22"]

1. Nf3 Nf6 2. g3 d5 3. Bg2 c6 4. O-O Bg4 5. d3 Nbd7 6. Qe1 e5 7. e4 dxe4 8. dxe4
Qc7 9. Nbd2 Nc5 10. a4 a5 11. Nc4 Nfd7 12. Bd2 b6 13. Ne3 Bh5 14. Nh4 f6 15. Kh1
Ne6 16. f4 Bc5 17. c3 O-O 18. Nef5 Rfe8 19. h3 Bf8 20. b4 Bf7 21. Qf2 Kh8 22.
Rfd1 Bh5 23. Rdb1 Bf7 24. Rd1 Bh5 25. Rdb1 Bf7 1/2-1/2

[Event "Xtracon Chess Open 2017"]
[Site "Helsingor DEN"]
[Date "2017.07.29"]
[Round "9.3"]
[White "Short, Nigel D"]
[Black "Urkedal, Frode"]
[Result "1/2-1/2"]
[WhiteTitle "GM"]
[BlackTitle "GM"]
[WhiteElo "2688"]
[BlackElo "2543"]
[WhiteFideId "400025"]
[BlackFideId "1506102"]
[EventDate "2017.07.22"]

1. Nf3 Nf6 2. g3 d5 3. Bg2 e6 4. O-O Be7 5. d4 O-O 6. c4 c6 7. Qb3 dxc4 8. Qxc4
b5 9. Qc2 Bb7 10. Nbd2 Nbd7 11. Nb3 Qb6 12. Be3 Rfc8 13. Ne5 a5 14. Rfd1 Qc7 15.
Bf4 Qb6 16. Nd3 c5 17. Bxb7 Qxb7 18. Nbxc5 Qd5 19. Qb3 Nxc5 20. dxc5 Bxc5 21.
Nxc5 Qxc5 22. Rac1 Qb6 23. Be3 Qb7 24. a4 b4 25. f3 h6 26. Bd4 Nd5 27. Qd3 Rxc1
28. Rxc1 Rc8 29. Rc4 Ne7 30. Qc2 Rxc4 31. Qxc4 Qd7 32. b3 Nc6 33. Bb6 e5 34. g4
g6 35. Kf2 Qd6 36. h4 Qf6 37. g5 hxg5 38. hxg5 Qd6 39. Ke1 Qd7 40. Kf2 Qd6 41.
Ke1 Qd7 42. Qb5 Qe6 43. Qd3 Kh7 44. Bc7 Kg7 45. Qd6 Qxd6 46. Bxd6 f5 47. gxf6+
Kxf6 48. Bc7 Kf5 49. Kf2 e4 50. Ke3 exf3 51. exf3 g5 52. Kd3 Ne5+ 53. Ke2 Nc6
54. Ke3 Ke6 55. Ke4 Kd7 56. Bb6 Ke6 57. Be3 Kf6 58. Kd5 Ne7+ 59. Kc4 Nf5 60. Bb6
Ke6 61. Kb5 Nh4 62. Kxa5 Kd7 63. Kxb4 Kc6 64. Ka5 Kb7 65. Kb5 Nxf3 66. a5 g4 67.
a6+ Ka8 68. b4 Ne5 69. Ka4 Nc6 70. b5 Na7 71. Bf2 Nxb5 72. Kxb5 g3 73. Bxg3 Ka7
74. Bf2+ Ka8 75. Kb6 Kb8 76. Bg3+ Ka8 77. Bh2 1/2-1/2

[Event "Xtracon Chess Open 2017"]
[Site "Helsingor DEN"]
[Date "2017.07.29"]
[Round "9.4"]
[White "Hammer, Jon Ludvig"]
[Black "Vocaturo, Daniele"]
[Result "1/2-1/2"]
[WhiteTitle "GM"]
[BlackTitle "GM"]
[WhiteElo "2628"]
[BlackElo "2592"]
[WhiteFideId "1503707"]
[BlackFideId "813192"]
[EventDate "2017.07.22"]

1. Nf3 Nf6 2. c4 g6 3. g3 Bg7 4. Bg2 O-O 5. d4 d5 6. cxd5 Nxd5 7. O-O Nc6 8. e4
Nb6 9. d5 Na5 10. Nc3 c6 11. Bf4 cxd5 12. Nxd5 Bg4 13. Rc1 Nc6 14. h3 Bxf3 15.
Bxf3 Bxb2 16. Rc2 Be5 17. Rxc6 bxc6 18. Nxb6 Bxf4 19. Nxa8 Be5 20. Qxd8 Rxd8 21.
Rc1 Rxa8 22. Rxc6 Rb8 1/2-1/2

[Event "Xtracon Chess Open 2017"]
[Site "Helsingor DEN"]
[Date "2017.07.29"]
[Round "9.5"]
[White "Andersen, Mads"]
[Black "Sokolov, Ivan"]
[Result "1/2-1/2"]
[WhiteTitle "GM"]
[BlackTitle "GM"]
[WhiteElo "2586"]
[BlackElo "2626"]
[WhiteFideId "1413864"]
[BlackFideId "14400030"]
[EventDate "2017.07.22"]

1. e4 e5 2. Nf3 Nc6 3. d4 exd4 4. Nxd4 Qf6 5. Nxc6 Bc5 6. Qf3 bxc6 7. Nd2 a5 8.
a4 d6 9. Nb3 Bb6 10. Bd2 Qxf3 11. gxf3 Ne7 12. Rg1 Ng6 13. Be3 Bxe3 14. fxe3 f5
15. exf5 Bxf5 16. Nd4 O-O 17. Nxf5 Rxf5 18. f4 Re8 19. Kd2 Rd5+ 20. Bd3 c5 21.
b3 Rh5 22. Rg2 Ne7 23. Rag1 g6 24. Rf2 Kg7 25. Rg3 Rf8 26. Rfg2 Rf6 27. Rg5 Rh3
28. R5g3 Rh6 29. Rg5 Kf7 30. Ke2 c6 31. Kf2 Rh3 32. R5g3 Rh4 33. Rg4 Rh3 34.
R4g3 1/2-1/2

[Event "Xtracon Chess Open 2017"]
[Site "Helsingor DEN"]
[Date "2017.07.29"]
[Round "9.6"]
[White "Kollars, Dmitrij"]
[Black "Saric, Ivan"]
[Result "0-1"]
[WhiteTitle "IM"]
[BlackTitle "GM"]
[WhiteElo "2510"]
[BlackElo "2621"]
[WhiteFideId "12909572"]
[BlackFideId "14508150"]
[EventDate "2017.07.22"]

1. e4 c6 2. d4 d5 3. e5 Bf5 4. h4 h5 5. Bd3 Bxd3 6. Qxd3 Qa5+ 7. Nd2 e6 8. Nf3
Nh6 9. O-O Qa6 10. c4 Nd7 11. b3 Nf5 12. a4 Bb4 13. Ba3 Bxa3 14. Rxa3 O-O 15.
Qc3 Rfd8 16. c5 b6 17. cxb6 axb6 18. b4 Rac8 19. Nb3 c5 20. dxc5 bxc5 21. bxc5
Rc7 22. Rc1 Rdc8 23. Qb4 Qe2 24. a5 Qb2 25. Qa4 Nxe5 26. Nxe5 Qxe5 27. a6 Ra8
28. Qb4 d4 29. Rd1 Qd5 30. g3 e5 31. Qb6 Raa7 32. c6 Kh7 33. Na5 e4 34. Kh2 e3
35. fxe3 Qf3 36. Rg1 Nxe3 37. Ra2 Ng4+ 38. Kh3 Nf2+ 39. Kh2 Ng4+ 40. Kh3 Re7 41.
Qxd4 Qf5 42. Qb6 Nf2+ 43. Kg2 Qd5+ 0-1

[Event "Xtracon Chess Open 2017"]
[Site "Helsingor DEN"]
[Date "2017.07.29"]
[Round "9.7"]
[White "Goh, Wei Ming Kevin"]
[Black "Bosiocic, Marin"]
[Result "0-1"]
[WhiteTitle "IM"]
[BlackTitle "GM"]
[WhiteElo "2446"]
[BlackElo "2616"]
[WhiteFideId "5800706"]
[BlackFideId "14507927"]
[EventDate "2017.07.22"]

1. e4 c5 2. Nf3 e6 3. d4 cxd4 4. Nxd4 Nc6 5. Nc3 Qc7 6. Be3 a6 7. Qf3 b5 8. Nxc6
Qxc6 9. Bd3 Bb7 10. Qg3 h5 11. h4 d6 12. a4 b4 13. Ne2 Nf6 14. f3 Nd7 15. O-O
Ne5 16. Bd4 Qc7 17. a5 Rc8 18. Rfc1 Qb8 19. b3 Rh6 20. Kh1 Be7 21. Qxg7 Rg6 22.
Qh7 Bf8 23. Nf4 Rh6 24. Qg8 d5 25. Qg5 Ng6 26. Nxh5 Rxh5 27. Qxh5 dxe4 28. Bxe4
Bxe4 29. fxe4 Qf4 30. Rf1 Qxe4 31. Rad1 Rxc2 32. Qf3 Qxh4+ 33. Kg1 f5 34. Bf2
Qf4 35. Bb6 Qxf3 36. Rxf3 Bh6 37. Rh3 Bd2 38. Rd3 Bc3 39. Rg3 Nf4 40. Rd8+ Ke7
41. Rgg8 Kf6 42. Rgf8+ Ke5 43. Bc7+ Ke4 44. Bxf4 Kxf4 45. Rd6 e5 46. Rdf6 Rb2
47. Rxf5+ Ke4 48. Rf3 Rxb3 49. R8f6 Bd4+ 50. Kh2 Rxf3 51. gxf3+ Kd3 52. Rxa6 b3
53. Ra8 e4 54. Kg2 e3 55. a6 e2 0-1

[Event "Xtracon Chess Open 2017"]
[Site "Helsingor DEN"]
[Date "2017.07.29"]
[Round "9.8"]
[White "Agdestein, Simen"]
[Black "Hillarp Persson, Tiger"]
[Result "1-0"]
[WhiteTitle "GM"]
[BlackTitle "GM"]
[WhiteElo "2604"]
[BlackElo "2509"]
[WhiteFideId "1500015"]
[BlackFideId "1700812"]
[EventDate "2017.07.22"]

1. d4 Nf6 2. c4 g6 3. Nc3 Bg7 4. e4 d6 5. Be2 O-O 6. Nf3 e5 7. O-O c6 8. Be3 Na6
9. d5 Ng4 10. Bg5 f6 11. Bh4 Nh6 12. Ne1 c5 13. a3 Qe7 14. Rb1 g5 15. Bg3 f5 16.
exf5 e4 17. Nc2 Nxf5 18. Bh5 Nc7 19. Re1 Bxc3 20. bxc3 Ne8 21. Bxe8 Nxg3 22. Ba4
Nf5 23. f3 Nh4 24. Rxe4 Qg7 25. Qd2 Bh3 26. Ne3 Bxg2 27. Rxh4 gxh4 28. Qxg2 Rxf3
29. Re1 h3 30. Qxg7+ Kxg7 31. Bd1 Rf4 32. Bg4 Re8 33. Bxh3 Re5 34. Bg2 Kf6 35.
Bf1 h5 36. Ng2 Rf3 37. Rc1 Kg5 38. Rc2 h4 39. Be2 Rf8 40. h3 b6 41. a4 Re7 42.
Bd1 Re4 43. Re2 Rxe2 44. Bxe2 Rf6 45. Bg4 Rf8 46. Ne1 Kf4 47. Kf2 Rf7 48. Ng2+
Kg5+ 49. Ke2 Rf8 50. Ne1 Kf4 51. Kf2 Rf7 52. Be6 Rf8 53. Ng2+ Kg5+ 54. Ke2 Rf6
55. Ne1 Kf4 56. Nf3 Rh6 57. Bg4 Rh8 58. Kd3 Rh7 59. Nd2 Re7 60. Be6 Rg7 61. Ne4
Ke5 62. Bg4 Rf7 63. Ng5 Rf1 64. Nf3+ Kf4 65. Nxh4 Ra1 66. Bd7 Rh1 67. Ng6+ Kf3
68. Ne7 Rd1+ 69. Kc2 Rg1 70. Nc8 Ke3 71. Nxd6 Rg2+ 72. Kb3 a5 73. Bf5 Rf2 74.
Bc2 Rh2 75. Nc8 Rxh3 76. d6 Kd2 77. Kb2 Rxc3 78. Be4 Rxc4 79. d7 Rb4+ 80. Ka3
Rd4 81. Nxb6 c4 82. Nd5 1-0

[Event "Xtracon Chess Open 2017"]
[Site "Helsingor DEN"]
[Date "2017.07.29"]
[Round "9.9"]
[White "Motylev, Alexander"]
[Black "Sukandar, Irine Kharisma"]
[Result "1-0"]
[WhiteTitle "GM"]
[BlackTitle "IM"]
[WhiteElo "2680"]
[BlackElo "2409"]
[WhiteFideId "4121830"]
[BlackFideId "7101937"]
[EventDate "2017.07.22"]

1. e4 e5 2. Nf3 Nc6 3. Bb5 a6 4. Ba4 Nf6 5. O-O Be7 6. Re1 b5 7. Bb3 d6 8. c3
O-O 9. h3 Na5 10. Bc2 c5 11. d4 Qc7 12. d5 Bd7 13. b3 Rab8 14. Nbd2 g6 15. Nf1
Nh5 16. Bh6 Ng7 17. N3h2 Nb7 18. f4 exf4 19. Bxf4 Bf6 20. Bd2 b4 21. Ne3 bxc3
22. Neg4 Bd4+ 23. Be3 f5 24. Nh6+ Kh8 25. Bxd4 cxd4 26. Qxd4 Qc5 27. Nf3 Qxd4+
28. Nxd4 Nc5 29. exf5 Bxf5 30. Nhxf5 Nxf5 31. Nxf5 gxf5 32. Re3 Rbe8 33. Rxc3
Re2 34. Rf1 Re5 35. Rcf3 Rxd5 36. Rxf5 Rfxf5 37. Rxf5 Rd2 38. Rf2 Rd4 39. Rf7
Rd2 40. Rxh7+ Kg8 41. Bf5 Rxa2 42. b4 Ra1+ 43. Kh2 Nb3 44. Rd7 Nd2 45. Bd3 Rd1
46. Be2 1-0

[Event "Xtracon Chess Open 2017"]
[Site "Helsingor DEN"]
[Date "2017.07.29"]
[Round "9.10"]
[White "Kaasen, Tor Fredrik"]
[Black "Grigoriants, Sergey"]
[Result "0-1"]
[WhiteTitle "FM"]
[BlackTitle "GM"]
[WhiteElo "2409"]
[BlackElo "2566"]
[WhiteFideId "1516647"]
[BlackFideId "4130804"]
[EventDate "2017.07.22"]

1. d4 d5 2. c4 c6 3. Nf3 Nf6 4. Nc3 dxc4 5. a4 e6 6. e3 c5 7. Bxc4 cxd4 8. exd4
Be7 9. O-O Nc6 10. Qe2 O-O 11. Rd1 Nb4 12. Bg5 h6 13. Bh4 Bd7 14. Ne5 Be8 15.
Rac1 Nfd5 16. Bxe7 Nxe7 17. Qg4 Rc8 18. Ne4 Ned5 19. Nc5 Rc7 20. b3 Qg5 21. Qxg5
hxg5 22. Nf3 b6 23. Ne4 f6 24. Nd6 Bh5 25. Re1 Rd8 26. Nb5 Re7 27. Nd2 Na2 28.
Ra1 Nab4 29. Rac1 Bf7 30. Ne4 Red7 31. h3 a6 32. Nbc3 Nxc3 33. Nxc3 Rxd4 34. Ne2
Re4 35. Ng3 Rxe1+ 36. Rxe1 e5 37. Rc1 Bxc4 38. Rxc4 Nd5 39. Rc6 Kf7 40. Nf5 g6
41. Nd6+ Ke7 42. Ne4 a5 43. g3 Rd7 44. Kg2 Rc7 45. Rxc7+ Nxc7 46. Kf3 Ne6 47.
Ke3 Nc5 48. Nd2 Kd6 49. Nc4+ Kc6 50. Nd2 b5 51. f4 gxf4+ 52. gxf4 exf4+ 53. Kxf4
bxa4 54. bxa4 Nxa4 55. Nb3 Nc5 56. Nc1 Kd5 57. Ke3 Kc4 58. Ne2 a4 59. Kd2 Nb3+ 0-1

[Event "Xtracon Chess Open 2017"]
[Site "Helsingor DEN"]
[Date "2017.07.29"]
[Round "9.11"]
[White "Holm, Kristian Stuvik"]
[Black "Shabalov, Alexander"]
[Result "1/2-1/2"]
[WhiteTitle "IM"]
[BlackTitle "GM"]
[WhiteElo "2403"]
[BlackElo "2549"]
[WhiteFideId "1508083"]
[BlackFideId "2008572"]
[EventDate "2017.07.22"]

1. d4 d5 2. c4 dxc4 3. e3 Nf6 4. Bxc4 e6 5. Nf3 a6 6. O-O Nbd7 7. b3 c5 8. Bb2
b5 9. Be2 Bb7 10. a4 b4 11. Nbd2 Be7 12. Nc4 O-O 13. Nfe5 cxd4 14. Nxd7 Nxd7 15.
Bxd4 Bc5 16. Bb2 Qc7 17. Bf3 Rfd8 18. Bxb7 Qxb7 19. Qg4 Bf8 20. Bd4 a5 21. Rfd1
Qa6 22. Qh5 f6 23. f4 f5 24. Ra2 Be7 25. Rad2 Qc6 26. Qf3 Qxf3 27. gxf3 Kf7 28.
Kf2 g6 29. Bb6 Nxb6 30. Nxb6 Rxd2+ 31. Rxd2 Ra6 32. Nc4 Ke8 33. Ke2 1/2-1/2

[Event "Xtracon Chess Open 2017"]
[Site "Helsingor DEN"]
[Date "2017.07.29"]
[Round "9.12"]
[White "Rasmussen, Allan Stig"]
[Black "Miedema, David"]
[Result "1-0"]
[WhiteTitle "GM"]
[BlackTitle "IM"]
[WhiteElo "2540"]
[BlackElo "2373"]
[WhiteFideId "1406000"]
[BlackFideId "1018477"]
[EventDate "2017.07.22"]

1. e4 c5 2. Nf3 d6 3. d4 cxd4 4. Nxd4 Nf6 5. f3 e5 6. Nb3 Be6 7. c4 Be7 8. Be3
O-O 9. Nc3 Nbd7 10. Be2 Nh5 11. g3 Bg5 12. Bf2 Nb6 13. Na5 Nc8 14. b4 b6 15. Nc6
Qd7 16. b5 Nf6 17. h4 Bh6 18. Nd5 Ne8 19. a4 g6 20. h5 Kg7 21. a5 bxa5 22. Rxa5
f5 23. hxg6 fxe4 24. gxh7 Bxd5 25. cxd5 Nf6 26. Ra4 Nb6 27. Bxb6 axb6 28. fxe4
Nxh7 29. Rxa8 Rxa8 30. Bg4 Qf7 31. Bf5 Nf6 32. Rh2 Ra3 33. Rxh6 Rxg3 34. Rh1
Re3+ 35. Kd2 Rg3 36. Kc2 Qg8 37. Qd2 Qa8 38. Qh6+ Kf7 39. Be6+ Ke8 40. Qh8+ Rg8
41. Kb3 1-0

[Event "Xtracon Chess Open 2017"]
[Site "Helsingor DEN"]
[Date "2017.07.29"]
[Round "9.13"]
[White "Aabling-Thomsen, Jakob"]
[Black "Delorme, Axel"]
[Result "0-1"]
[WhiteTitle "IM"]
[BlackTitle "IM"]
[WhiteElo "2391"]
[BlackElo "2518"]
[WhiteFideId "1407589"]
[BlackFideId "632023"]
[EventDate "2017.07.22"]

1. Nf3 d5 2. g3 Nc6 3. Bg2 e5 4. d3 Nf6 5. O-O Be7 6. c4 d4 7. b4 Bxb4 8. Nxe5
Nxe5 9. Qa4+ Nfd7 10. Qxb4 c5 11. Qa3 O-O 12. Nd2 Qc7 13. Rb1 h6 14. Nf3 Ng6 15.
Ne1 Re8 16. f4 Rxe2 17. f5 Nge5 18. f6 Nxf6 19. Bxh6 gxh6 20. Rxf6 Ng4 21. Rf4
Qe7 22. Re4 Rxe4 23. Bxe4 Nf6 24. Nf3 Nxe4 25. dxe4 Bg4 26. Nd2 Be2 27. Qc1 d3
28. Nb3 Qxe4 29. Qxh6 b6 30. Qg5+ Kh7 31. Nd2 Qd4+ 32. Kg2 f6 33. Qf5+ Kg7 34.
Qf2 Qe5 35. Qf4 Qxf4 36. gxf4 Kg6 37. Kf2 Kf5 38. Rg1 Rh8 39. Rg2 Kxf4 40. Nb3
Bf3 0-1

[Event "Xtracon Chess Open 2017"]
[Site "Helsingor DEN"]
[Date "2017.07.29"]
[Round "9.14"]
[White "Kvon, Andrey"]
[Black "Svane, Frederik"]
[Result "1-0"]
[WhiteTitle "IM"]
[WhiteElo "2500"]
[BlackElo "2276"]
[WhiteFideId "14201356"]
[BlackFideId "12923044"]
[EventDate "2017.07.22"]

1. d4 Nf6 2. c4 e6 3. Nc3 Bb4 4. e3 O-O 5. Bd3 d5 6. Ne2 c5 7. cxd5 cxd4 8. exd4
Nxd5 9. O-O Nc6 10. Be4 Re8 11. Qb3 Bf8 12. Be3 Nxe3 13. fxe3 g6 14. Rad1 Qb6
15. Qc2 Rd8 16. Nf4 Bg7 17. Nh5 gxh5 18. Bxh7+ Kf8 19. Rxf7+ Kxf7 20. Qg6+ Ke7
21. Qxg7+ Kd6 22. Ne4+ Kd5 23. Qg5+ e5 24. Nc3+ Kc4 25. Bg8+ Kb4 26. a3+ Ka5 27.
b4+ Nxb4 28. axb4+ Kxb4 29. Nd5+ Rxd5 30. Rb1+ 1-0

[Event "Xtracon Chess Open 2017"]
[Site "Helsingor DEN"]
[Date "2017.07.29"]
[Round "9.15"]
[White "Wadsworth, Matthew J"]
[Black "Hector, Jonny"]
[Result "1/2-1/2"]
[WhiteTitle "FM"]
[BlackTitle "GM"]
[WhiteElo "2298"]
[BlackElo "2497"]
[WhiteFideId "415804"]
[BlackFideId "1700090"]
[EventDate "2017.07.22"]

1. c4 e5 2. g3 Nf6 3. Bg2 c6 4. d4 e4 5. Nc3 d5 6. cxd5 cxd5 7. Bg5 Nbd7 8. Qb3
Bd6 9. Nh3 h6 10. Bd2 O-O 11. O-O Re8 12. Nb5 Bb8 13. Bf4 a6 14. Nd6 Bxd6 15.
Bxd6 Nb6 16. Bb4 a5 17. Bc3 Bd7 18. a4 Nc4 19. Nf4 Qc8 20. e3 g5 21. Ne2 Bh3 22.
Kh1 Bxg2+ 23. Kxg2 Qf5 24. Ng1 Ng4 25. Be1 Ra6 26. h3 Nf6 27. Bc3 Rc8 28. Rac1
Rb6 29. Qa2 Rbc6 30. b3 Nd6 31. Qd2 b6 32. Bb2 Nde8 33. Rxc6 Rxc6 34. Rc1 Re6
35. b4 Nd6 36. bxa5 Nc4 37. Qe2 bxa5 38. Bc3 Rb6 39. Qe1 h5 40. Rb1 Rxb1 41.
Qxb1 h4 42. Qb8+ Kg7 43. gxh4 gxh4 44. Qc7 Qg6+ 45. Kh1 Nh5 46. Bxa5 Qa6 47. Bb4
Qxa4 48. Be7 Qa6 49. Bxh4 Qe6 50. Qe7 Qf5 51. Qg5+ Qxg5 52. Bxg5 Kg6 53. Bh4 f5
54. Ne2 f4 55. exf4 Nd2 56. Bd8 Ng7 57. Bc7 Nf5 58. Be5 e3 59. fxe3 Ne4 60. Kg2
Nxe3+ 61. Kf3 Nf5 62. Nc1 Kh5 63. Nd3 Kh4 64. Nb4 Nc3 65. Kg2 Ne3+ 66. Kf3 Nf5
67. Kg2 1/2-1/2

[Event "Xtracon Chess Open 2017"]
[Site "Helsingor DEN"]
[Date "2017.07.29"]
[Round "9.16"]
[White "Sonis, Francesco"]
[Black "Lund, Gunnar"]
[Result "1-0"]
[WhiteTitle "IM"]
[WhiteElo "2440"]
[BlackElo "2051"]
[WhiteFideId "895733"]
[BlackFideId "1520814"]
[EventDate "2017.07.22"]

1. c4 Nf6 2. Nf3 e6 3. g3 d5 4. Bg2 Be7 5. O-O O-O 6. b3 b6 7. Bb2 Bb7 8. e3 c5
9. Qe2 Nc6 10. d3 Rc8 11. Nc3 Qc7 12. Rfd1 Rfd8 13. Rac1 Qb8 14. cxd5 Nxd5 15.
Nxd5 Rxd5 16. d4 cxd4 17. exd4 Bf6 18. Ne5 Rd6 19. Bxc6 Bxc6 20. Ba3 Rxd4 21.
Nxc6 Rxd1+ 22. Qxd1 1-0

[Event "Xtracon Chess Open 2017"]
[Site "Helsingor DEN"]
[Date "2017.07.29"]
[Round "9.17"]
[White "Das, Arghyadip"]
[Black "Solberg, Joachim"]
[Result "1-0"]
[WhiteTitle "IM"]
[BlackTitle "CM"]
[WhiteElo "2416"]
[BlackElo "2237"]
[WhiteFideId "5003610"]
[BlackFideId "1502930"]
[EventDate "2017.07.22"]

1. e4 d6 2. d4 Nf6 3. Nc3 e5 4. Nf3 exd4 5. Nxd4 Be7 6. g3 d5 7. e5 Ne4 8. Nxe4
dxe4 9. Bg2 Qd5 10. O-O O-O 11. Bf4 f5 12. Nxf5 1-0